| 000 | 00416nam a22001817a 4500 | ||
|---|---|---|---|
| 003 | SGT | ||
| 020 | _a9780702079856 | ||
| 082 |
_a617.645 _bP22C |
||
| 100 | _aCameron, Angus C. | ||
| 245 | _aHandbook of Pediatric Dentistry | ||
| 250 | _a5th | ||
| 260 |
_bElsevier _c2022 |
||
| 300 | _a574 | ||
| 650 | _aPediatric Dentistry | ||
| 653 | _aPediatric Dentistry | ||
| 700 | _aWidmer, Richard P. | ||
| 942 |
_2ddc _cBK |
||
| 999 |
_c22764 _d22764 |
||